000 00912nam a2200337 a 4500
003 AR-BaBNM
005 20251128204852.0
008 082120s2002 ||||||||||||||000 | spa||
020 _a950-25-0046-6
040 _cAR-BaBNM
100 1 _aDemitrópulos, Libertad
245 0 0 _aEva Perón
260 _aBuenos Aires
_bCentro Editor de América Latina
_c1984
300 _a156 p.
_bgráfs.
490 0 _aBiblioteca política argentina
_vv. 47
600 1 4 _aPerón, Juan Domingo
600 0 4 _aPerón
_d1946-1951
600 0 4 _aPerón
_d1952-1955
610 2 4 _aPartido Justicialista
650 4 _aPOLITICA
650 4 _a17 DE OCTUBRE DE 1945
650 4 _aMUJERES
650 4 _aDERECHOS DE LA MUJER
650 4 _aSUFRAGIO FEMENINO
650 4 _aORGANIZACIONES FEMENINAS
651 4 _aArgentina
653 _aPERONISMO
800 1 _aTroncoso, Oscar
_edirector
942 _cBK
998 _cEnrique
999 _c9118
_d9118